enough for you (Lyrics)- Olivia Rodrigo - Statistics

General Stats
  • This quiz has been taken 95 times
  • The average score is 304 of 356
Answer Stats
Answer % Correct
for
100%
I
100%
me
100%
you
100%
You
100%
be
97%
'Cause
97%
ever
97%
No
97%
not
97%
to
97%
To
97%
we
97%
when
97%
who
97%
your
97%
all
94%
enough
94%
Enough
94%
loved
94%
that
94%
the
94%
think
94%
was
94%
you're
94%
I'm
91%
more
91%
say
91%
so
91%
So
91%
you'd
91%
Just
89%
just
89%
know
89%
like
89%
makeup
89%
thought
89%
too
89%
want
89%
And
86%
and
86%
dated
86%
don't
86%
Don't
86%
everything
86%
knew
86%
wanted
86%
wore
86%
before
83%
Before
83%
but
83%
But
83%
by
83%
how
83%
If
83%
never
83%
prom
83%
queens
83%
smart
83%
Tried
83%
did
80%
hard
80%
liked
80%
looked
80%
of
80%
self-help
80%
someone
80%
always
77%
books
77%
compliment
77%
cryin'
77%
favorite
77%
heart
77%
is
77%
other
77%
read
77%
that's
77%
true
77%
type
77%
were
77%
Yeah
77%
gone
74%
little
74%
oh
74%
satisfied
74%
songs
74%
start
74%
Stupid
74%
there
74%
took
74%
what
74%
coffee
71%
could
71%
emotional
71%
exciting
71%
found
71%
from
71%
I'll
71%
leave
71%
much
71%
this
71%
boy
69%
else
69%
exactly
69%
left
69%
nothing?
69%
obsessive
69%
second
69%
someday
69%
sorry
69%
wonderin'
69%
wrong
69%
yourself
69%
as
66%
As
66%
couldn't
66%
had
66%
it's
66%
next
66%
somebody
66%
Feel
63%
my
63%
one
63%
tell
63%
used
63%
back
60%
girls
60%
God
60%
I'd
60%
interesting
60%
about
57%
cared
57%
deserve
57%
have
57%
less
57%
maybe
57%
myself
57%
Now
57%
than
57%
you'll
57%
am
54%
broke
54%
discarded?
54%
nothing's
54%
sympathy
51%
who's
51%
crying
49%
they'll
49%
anything
46%
No matching quizzes found
Score Distribution
Percent of People with Each Score
Percentile by Number Answered
Your Score History
You have not taken this quiz